00727nam a2200193Ia 4500001003000000003000900030008004100039040002300080041001300103100001600116245013800132250001500270260002200285300001900307500003300326501012400359520003200483700001800515282.082 092-BIF in ca (20830)IT-MiSPE171229s9999||||xx |||||||||||||| ||und|| aIT-MiSPEcIT-MiSPE aITALIANO aInos Biffi  0aIl cardinale Giovanni ColombobUn maestro di sapienza cristiana sulla cattedra di sant'Ambrogio: Capitoli e appunti per una biografia a1a ed. (v) aMilanobNEDc2002 a324 p. c21 cm aColombo, Giovanni, cardinale aEdizioni San Paolo srl - Piazza Soncino, 5 - 20092 CINISELLO BALSAMO (MI) (non commercial uses only) ® Copyright 2018 aGiacomo Biffi (pres.). Tav. aGiacomo Biffi